000
00314 a2200157 4500
001
175596
020
_a
040
_c
Magnum
100
_a
Martho, Amabis
240
1
0
_a
Biologia/v.2
_l
por
245
1
0
_a
Biologia/v.2
362
0
_a
1899
440
1
_a
Moderna
697
_a
MAGNITO: PARADIDATICOS
942
_c
BK
999
_c
175596
_d
175596